[Event "Mittelrhein Verbandsliga-W 17/18"]
[Site "Nordrheinwestfalen"]
[Date "2018.05.06"]
[Round "11.5"]
[White "Schulten, Berthold"]
[Black "Draftian, Ashote"]
[Result "1/2-1/2"]
[WhiteElo "1897"]
[BlackElo "2245"]
[PlyCount "124"]
[EventDate "2017.09.10"]
[EventType "team-tourn"]
[EventRounds "11"]
[EventCountry "GER"]
[SourceTitle "EXT 2022"]
[Source "ChessBase"]
[SourceDate "2021.10.06"]
[SourceVersion "1"]
[SourceVersionDate "2021.10.06"]
[SourceQuality "1"]
[WhiteTeam "Aachen PTSV"]
[BlackTeam "Alsdorf SVG"]
[WhiteTeamCountry "GER"]
[BlackTeamCountry "GER"]

1. c4 f5 2. g3 Nf6 3. Bg2 e6 4. Nf3 d5 5. 0-0 c6 6. d3 Be7 7. b3 0-0 8. Bb2 Bd7 9. Nbd2 a5 10. a3 Na6 11. Qc2 Nc5 12. Bc3 b5 13. Bb2 Be8 14. Nd4 Bd7 15. N4f3 Qb6 16. Be5 Qb7 17. Rab1 Rfc8 18. Rfe1 Be8 19. e3 Bh5 20. Bb2 Qd7 21. Ne5 Qe8 22. Nef3 h6 23. Nd4 Qd7 24. N4f3 dxc4 25. dxc4 Nd3 26. Red1 Nxb2 27. Qxb2 Qd8 28. Ne4 Qxd1+ 29. Rxd1 fxe4 30. Qe5 Bxf3 31. Bxf3 exf3 32. Qxe6+ Kf8 33. Qf5 bxc4 34. bxc4 Rd8 35. Rxd8+ Rxd8 36. Qxf3 Bxa3 37. Qxc6 Bb4 38. Kg2 Rd2 39. h3 Ra2 40. c5 Rc2 41. Qc8+ Ke7 42. Qb7+ Kf8 43. c6 Ne8 44. Qd7 Rc5 45. e4 Bc3 46. f4 Bf6 47. e5 Be7 48. Qf5+ Kg8 49. Qd3 Kf8 50. g4 a4 51. Qf5+ Kg8 52. g5 Rxc6 53. g6 Nf6 54. exf6 Rxf6 55. Qd5+ Kh8 56. Qa8+ Bf8 57. Qxa4 Rxg6+ 58. Kf3 Rd6 59. Ke4 Re6+ 60. Kf5 Rf6+ 61. Kg4 Rd6 62. Kf5 Rf6+ 1/2-1/2

[Event "Mittelrhein Verbandsliga-W 17/18"]
[Site "Nordrheinwestfalen"]
[Date "2018.04.15"]
[Round "10.5"]
[White "Yanes, Adrian"]
[Black "Schulten, Berthold"]
[Result "0-1"]
[WhiteElo "1774"]
[BlackElo "1897"]
[PlyCount "128"]
[EventDate "2017.09.10"]
[EventType "team-tourn"]
[EventRounds "11"]
[EventCountry "GER"]
[SourceTitle "EXT 2022"]
[Source "ChessBase"]
[SourceDate "2021.10.06"]
[SourceVersion "1"]
[SourceVersionDate "2021.10.06"]
[SourceQuality "1"]
[WhiteTeam "Aachen SV III"]
[BlackTeam "Aachen PTSV"]
[WhiteTeamCountry "GER"]
[BlackTeamCountry "GER"]

1. e4 c5 2. Nf3 Nc6 3. Bb5 g6 4. 0-0 Bg7 5. Re1 Nf6 6. c3 0-0 7. d4 cxd4 8. cxd4 d5 9. Bxc6 bxc6 10. exd5 cxd5 11. Nc3 Rb8 12. h3 h6 13. Qe2 e6 14. Bf4 Rb6 15. Rac1 Bb7 16. Na4 Rc6 17. Nc5 Qa8 18. Ne5 Rcc8 19. f3 Bc6 20. g4 Rfe8 21. h4 Rf8 22. Qe3 Kh7 23. Kg2 a5 24. Rh1 Qa7 25. Nxe6 fxe6 26. Qd3 Qb7 27. Qxg6+ Kh8 28. Nxc6 Rxc6 29. Rxc6 Qxc6 30. Bxh6 Bxh6 31. Qxh6+ Nh7 32. Rc1 Qd7 33. g5 Qf7 34. Rc3 Rg8 35. Kf2 Qf4 36. Qxe6 Qxh4+ 37. Ke2 Qxd4 38. Qe7 Nxg5 39. Qd7 Qe5+ 40. Kd3 Re8 41. Rc8 Qe2+ 42. Kc3 Qxf3+ 43. Kc2 Qe4+ 44. Kc1 Rxc8+ 45. Qxc8+ Kg7 46. Qc7+ Kf6 47. Qxa5 Qc4+ 48. Qc3+ Qxc3+ 49. bxc3 Ke5 50. Kd2 Kd6 51. Kd3 Kc5 52. a4 Ne6 53. Kd2 Kc4 54. Kc2 Nc5 55. a5 Kb5 56. Kd2 Kxa5 57. Ke3 Kb5 58. Kd4 Kc6 59. Ke5 Na4 60. Kd4 Nb6 61. Ke3 Kc5 62. Kd3 Na4 63. Kc2 Kc4 64. Kd2 Nxc3 0-1

[Event "Mittelrhein Verbandsliga-W 17/18"]
[Site "Nordrheinwestfalen"]
[Date "2018.01.14"]
[Round "6.5"]
[White "Schulten, Berthold"]
[Black "Bergmann, Thomas"]
[Result "1-0"]
[WhiteElo "1897"]
[BlackElo "1797"]
[PlyCount "133"]
[EventDate "2017.09.10"]
[EventType "team-tourn"]
[EventRounds "11"]
[EventCountry "GER"]
[SourceTitle "EXT 2022"]
[Source "ChessBase"]
[SourceDate "2021.10.06"]
[SourceVersion "1"]
[SourceVersionDate "2021.10.06"]
[SourceQuality "1"]
[WhiteTeam "Aachen PTSV"]
[BlackTeam "Dueren Derichsweiler"]
[WhiteTeamCountry "GER"]
[BlackTeamCountry "GER"]

1. c4 g6 2. g3 Bg7 3. Bg2 c5 4. Nc3 Nc6 5. a3 a5 6. d3 d6 7. e3 e5 8. Nge2 Nge7 9. 0-0 0-0 10. Rb1 Be6 11. Nd5 Bxd5 12. cxd5 Nb8 13. b4 axb4 14. axb4 b6 15. Qb3 Nd7 16. Bb2 Qc7 17. Rfc1 Qa7 18. Ra1 Qc7 19. d4 Rxa1 20. Bxa1 Qb8 21. Bb2 exd4 22. exd4 cxb4 23. Qxb4 Rc8 24. Rxc8+ Nxc8 25. Qc4 Na7 26. Nc3 b5 27. Qb4 Qb6 28. Ne4 Bf8 29. Bf1 Nb8 30. Nc3 Na6 31. Qb3 Nc7 32. Na2 Bg7 33. Qe3 Nxd5 34. Qe8+ Bf8 35. Bc1 Nf6 36. Qa8 Kg7 37. Bh6+ Kxh6 38. Qxf8+ Kg5 39. h4+ Kf5 40. Bh3+ Ng4 41. Qxf7+ Ke4 42. Qf4+ Kd3 43. Bf1+ Kc2 44. Qxg4 b4 45. Qe2+ Kb3 46. Nc1+ Kc3 47. Qa2 b3 48. Nxb3 Nc6 49. Nc1 Kxd4 50. Qd2+ Ke5 51. Qe3+ Qxe3 52. fxe3 Ne7 53. Kf2 d5 54. Kf3 h5 55. Nd3+ Kf5 56. Bh3+ Kf6 57. Kf4 Nc6 58. Bd7 Na5 59. Ne5 Nb3 60. Ba4 Nc1 61. Nd7+ Kg7 62. Bb5 Na2 63. Nb6 Nc3 64. Bd3 Kf6 65. Nd7+ Kg7 66. Ne5 Nd1 67. Bxg6 1-0

[Event "Mittelrhein Verbandsliga-W 17/18"]
[Site "Nordrheinwestfalen"]
[Date "2017.11.12"]
[Round "4.7"]
[White "Schulten, Berthold"]
[Black "Bock, Luca"]
[Result "1-0"]
[WhiteElo "1897"]
[BlackElo "1670"]
[PlyCount "63"]
[EventDate "2017.09.10"]
[EventType "team-tourn"]
[EventRounds "11"]
[EventCountry "GER"]
[SourceTitle "EXT 2022"]
[Source "ChessBase"]
[SourceDate "2021.10.06"]
[SourceVersion "1"]
[SourceVersionDate "2021.10.06"]
[SourceQuality "1"]
[WhiteTeam "Aachen PTSV"]
[BlackTeam "Herzogenrath"]
[WhiteTeamCountry "GER"]
[BlackTeamCountry "GER"]

1. c4 Nf6 2. g3 c5 3. Bg2 Nc6 4. Nc3 g6 5. a3 Bg7 6. Rb1 a5 7. e4 d6 8. Nge2 e5 9. d3 0-0 10. 0-0 Bd7 11. h3 Rb8 12. f4 Nd4 13. a4 Qc8 14. Kh2 h5 15. fxe5 dxe5 16. Bg5 Nh7 17. Nd5 Qe8 18. Be7 Bxa4 19. b3 Bc6 20. Bxf8 Qxf8 21. Nxd4 cxd4 22. Qd2 b6 23. b4 axb4 24. Qxb4 Bxd5 25. exd5 Qxb4 26. Rxb4 Bf8 27. Ra4 b5 28. Ra7 f6 29. Rb1 b4 30. Ra5 Ng5 31. c5 Nf7 32. d6 1-0

[Event "Mittelrhein Verbandsliga-W 17/18"]
[Site "Nordrheinwestfalen"]
[Date "2017.10.01"]
[Round "2.5"]
[White "Schulten, Berthold"]
[Black "Kart, Boris"]
[Result "1/2-1/2"]
[WhiteElo "1897"]
[BlackElo "1848"]
[PlyCount "94"]
[EventDate "2017.09.10"]
[EventType "team-tourn"]
[EventRounds "11"]
[EventCountry "GER"]
[SourceTitle "EXT 2022"]
[Source "ChessBase"]
[SourceDate "2021.10.06"]
[SourceVersion "1"]
[SourceVersionDate "2021.10.06"]
[SourceQuality "1"]
[WhiteTeam "Aachen PTSV"]
[BlackTeam "Bruehl III"]
[WhiteTeamCountry "GER"]
[BlackTeamCountry "GER"]

1. c4 Nf6 2. g3 e6 3. Bg2 c5 4. Nf3 Nc6 5. b3 b6 6. 0-0 Bb7 7. Bb2 Be7 8. Nc3 0-0 9. e4 d6 10. d4 cxd4 11. Nxd4 Nxd4 12. Qxd4 Ne8 13. Rad1 a6 14. a4 Qc7 15. Qe3 Rc8 16. Ne2 Nf6 17. Kh1 Bc6 18. Nd4 Bd7 19. h3 e5 20. Nf5 Bxf5 21. exf5 Nd7 22. f4 Rfe8 23. Bd5 Bf6 24. Rfe1 Kf8 25. fxe5 Bxe5 26. Bxe5 Rxe5 27. Qf2 Rce8 28. Rxe5 Rxe5 29. g4 Qc5 30. Qxc5 Nxc5 31. b4 Nxa4 32. Ra1 Nc3 33. Rxa6 Nxd5 34. cxd5 Rxd5 35. Rxb6 Ke7 36. Kg2 Rd3 37. Rb7+ Kf6 38. b5 h5 39. gxh5 Rd5 40. b6 Rxf5 41. Rb8 Ke7 42. b7 Rb5 43. Kf3 Kf6 44. Kg4 Rb4+ 45. Kg3 Kg5 46. h6 Kg6 47. hxg7 Kxg7 1/2-1/2

[Event "Mittelrhein Verbandsliga-W 16/17"]
[Site "Nordrheinwestfalen"]
[Date "2017.01.08"]
[Round "6.4"]
[White "Spies, Ulrich"]
[Black "Schulten, Berthold"]
[Result "1/2-1/2"]
[WhiteElo "1845"]
[BlackElo "1931"]
[PlyCount "84"]
[EventDate "2016.09.11"]
[EventType "team-tourn"]
[EventRounds "11"]
[EventCountry "GER"]
[SourceTitle "EXT 2022"]
[Source "ChessBase"]
[SourceDate "2021.10.06"]
[SourceVersion "1"]
[SourceVersionDate "2021.10.06"]
[SourceQuality "1"]
[WhiteTeam "Eschweiler SC"]
[BlackTeam "Aachen PTSV"]
[WhiteTeamCountry "GER"]
[BlackTeamCountry "GER"]

1. e4 c5 2. c4 Nc6 3. Nc3 g6 4. g3 Bg7 5. Bg2 d6 6. Nge2 e6 7. d3 Nge7 8. Be3 Nd4 9. Qd2 Nec6 10. 0-0 0-0 11. Bh6 Bxh6 12. Qxh6 Qf6 13. Nxd4 Nxd4 14. Qd2 Rb8 15. f4 b5 16. b3 b4 17. Ne2 Bb7 18. Nxd4 Qxd4+ 19. Qf2 Qxf2+ 20. Rxf2 Rfd8 21. Rd1 Kf8 22. d4 Ke7 23. Rfd2 f6 24. Kf2 e5 25. d5 a5 26. a4 g5 27. fxe5 fxe5 28. Ke3 Rf8 29. Rf1 Rxf1 30. Bxf1 Rf8 31. Rf2 Rxf2 32. Kxf2 Bc8 33. Kf3 h5 34. Kf2 Kf6 35. Be2 Kg6 36. Bd1 Bd7 37. Kg2 g4 38. Kf2 Kg5 39. Ke3 Be8 40. Kd3 Bg6 41. Ke3 h4 42. Kd3 Be8 1/2-1/2

[Event "Regionalliga Mittelrhein 1011"]
[Site "Germany"]
[Date "2011.03.20"]
[Round "7.4"]
[White "Schulten, Berthold"]
[Black "Koopmeiners, Karl"]
[Result "1/2-1/2"]
[WhiteElo "1975"]
[BlackElo "2008"]
[PlyCount "88"]
[EventDate "2010.10.24"]
[EventType "team"]
[EventRounds "9"]
[EventCountry "GER"]
[SourceTitle "EXT 2015"]
[Source "ChessBase"]
[SourceDate "2014.11.20"]
[SourceVersion "1"]
[SourceVersionDate "2014.11.20"]
[SourceQuality "1"]
[WhiteTeam "Aachen PTSV"]
[BlackTeam "Godesberg III"]
[WhiteTeamCountry "GER"]
[BlackTeamCountry "GER"]

1. c4 c6 2. Nf3 d5 3. b3 Bf5 4. Bb2 e6 5. g3 Nf6 6. Bg2 Be7 7. 0-0 h6 8. d3 0-0 9. Nbd2 Nbd7 10. Qc2 Bh7 11. Bc3 Qb6 12. Qb2 Bb4 13. Bxb4 Qxb4 14. a3 Qb6 15. b4 a5 16. b5 cxb5 17. Rab1 dxc4 18. Nxc4 bxc4 19. Qxb6 Nxb6 20. Rxb6 cxd3 21. exd3 Bxd3 22. Rd1 Be4 23. Ne5 Bxg2 24. Kxg2 Rab8 25. Rdb1 Nd5 26. Rxb7 Rxb7 27. Rxb7 f6 28. Nc4 Ra8 29. Nb6 Nxb6 30. Rxb6 Kf7 31. Rb5 a4 32. Rb4 Ra5 33. Rb7+ Kg6 34. Rb4 h5 35. h4 Kh6 36. Rb6 e5 37. Rb4 g5 38. hxg5+ Kxg5 39. Kh3 Kg6 40. Rc4 Kf5 41. Rb4 Kg6 42. Rc4 f5 43. Rb4 Kg5 44. f4+ exf4 1/2-1/2